| 000 | 00715nam a22001817a 4500 | ||
|---|---|---|---|
| 008 | 131111b xxu||||| |||| 00| 0 alb d | ||
| 020 | _a9789995658090 | ||
| 041 | 0 | _aalb | |
| 080 |
_a336 _x(076) |
||
| 100 | 1 | _aMuça, Rejnald | |
| 245 | 1 | 0 |
_aCikël ushtrimesh dhe problemash të drejtimit financiar 1 : _cRejnald Muça. |
| 260 |
_aTiranë : _bPegi ; _c2009. |
||
| 300 |
_a270 f. : _bilustr. ; _c30 cm. |
||
| 500 | _aParathënie : f. [I] | ||
| 650 | 0 |
_aDrejtimi(Administrimi) _vTekste universitare _xFinanca _xProbleme, ushtrime, etj. |
|
| 650 | 0 |
_aFinanca _vTekste universitare _xProbleme, ushtrime, etj |
|
| 942 |
_2udc _cBK |
||
| 999 |
_c260 _d260 |
||